|
|
|
|
| LEADER |
00000nam a22000007a 4500 |
| 005 |
20201223102543.0 |
| 007 |
cr|||| |||| |
| 008 |
201223s2019 co |||||s|||| 00||0 spa d |
| 020 |
|
|
|a 978-958-781-381-4
|
| 035 |
|
|
|a 32394
|
| 040 |
|
|
|a vLex
|
| 090 |
|
|
|c 11006
|d 11006
|
| 100 |
1 |
|
|a ℓlvarez Londoǫ, Luis Fernando
|
| 245 |
1 |
0 |
|a Per ︢y Colombia
|h [Recurso electrn̤ico] :
|b Historia, dinm̀ica y actualidad /
|c Luis Fernando ℓlvarez Londoǫ, Gloria Stella Barrera Jurado, Juan Carlos Adrianzň, Gabriel Amaro Alzamora, Juan Del Campo Rodrg̕uez, Diego Castillo Hartung, Alejandra Castro Correa, Rafael De La Cruz, Cšar Cheng Vargas
|
| 256 |
|
|
|a Servicio en ln̕ea
|
| 260 |
|
|
|a Bogot:̀
|b Pontificia Universidad Javeriana,
|c 2019
|
| 300 |
|
|
|a 1 recurso electrn̤ico
|
| 500 |
|
|
|a Las estrechas relaciones entre Per ︢y Colombia, sus grandes similitudes en materia econm̤ica, cultural, polt̕ica y social, y las amplias oportunidades hacia el futuro, han sido plasmadas de manera rigurosa, acadm̌ica y magistral en este libro. En esta publicacin̤ el lector podr ̀navegar por un mar de datos y acontecimientos que han forjado las relaciones entre los dos pas̕es: sus cooperaciones, los anl̀isis macroeconm̤icos binacionales, la interculturalidad, la educacin̤ y por supuesto la gastronoma̕.
|
| 506 |
1 |
|
|a Disponible solo en los productos indicados
|d vLex Global
|d vLex Global (Academic Edition, excluding Law Schools)
|d vLex Global (U.S. Academic Edition, Law Schools)
|d vLex Global (U.S. Academic Edition, excluding Law Schools)
|d vLex Global (Academic Edition, Law Schools)
|
| 650 |
0 |
4 |
|a Ciencias sociales
|z Colombia
|
| 650 |
0 |
4 |
|a Ciencia polt̕ica
|z Colombia
|
| 650 |
0 |
4 |
|a Humanidades
|z Colombia
|
| 700 |
1 |
|
|a Barrera Jurado, Gloria Stella
|
| 700 |
1 |
|
|a Adrianzň, Juan Carlos
|
| 700 |
1 |
|
|a Amaro Alzamora, Gabriel
|
| 700 |
1 |
|
|a Del Campo Rodrg̕uez, Juan
|
| 700 |
1 |
|
|a Castillo Hartung, Diego
|
| 700 |
1 |
|
|a Castro Correa, Alejandra
|
| 700 |
1 |
|
|a De La Cruz, Rafael
|
| 700 |
1 |
|
|a Cheng Vargas, Cšar
|
| 740 |
0 |
|
|a vLex Libros (Servicio en ln̕ea)
|
| 856 |
4 |
0 |
|u http://vlex.com/source/peru-y-colombia-historia-dinamica-y-actualidad-32394
|z Acceso restringido
|
| 942 |
|
|
|c BOOK
|
| 999 |
0 |
|
|a Social Sciences
|
| 999 |
0 |
|
|a Political science
|
| 999 |
0 |
|
|a Humanities
|